000 00715nam a22002177a 4500
003 UA-OsUOA
001 108409
007 ta
008 20141020b un ||||| |||| 00| 0 ukr d
100 _aСитник О.
090 _a330(477)
_bС41
942 _cSA
040 _aUA-OsUOA
_bukr
_cUA-OsUOA
_dUA-OsUOA
245 _aОрганізаційні принципи банківського кредитування населення на придбання житла та його регулювання
300 _aС.72-88
955 _a0
041 _aukr
080 _a330(477)
773 0 _w108400
_tБанківська справа
_dК.
_d2014
_g6
650 7 _a330 Економіка взагалі
_2UDC
999 _c394679
_d394679